Mimesis and sacrifice : (Record no. 52278)
[ view plain ]
| 000 -LEADER | |
|---|---|
| fixed length control field | 02453cam a2200361 i 4500 |
| 001 - CONTROL NUMBER | |
| control field | .b25004530 |
| 003 - CONTROL NUMBER IDENTIFIER | |
| control field | OCoLC |
| 005 - DATE AND TIME OF LATEST TRANSACTION | |
| control field | 20240307192153.0 |
| 008 - FIXED-LENGTH DATA ELEMENTS--GENERAL INFORMATION | |
| fixed length control field | 190211s2020 enk b 001 0 eng d |
| 015 ## - NATIONAL BIBLIOGRAPHY NUMBER | |
| National bibliography number | GBB9F8651 |
| Source | bnb |
| 020 ## - INTERNATIONAL STANDARD BOOK NUMBER | |
| International Standard Book Number | 9781350057418 |
| 020 ## - INTERNATIONAL STANDARD BOOK NUMBER | |
| International Standard Book Number | 9781350057425 |
| 020 ## - INTERNATIONAL STANDARD BOOK NUMBER | |
| International Standard Book Number | 9781350057449 |
| 035 ## - SYSTEM CONTROL NUMBER | |
| System control number | (OCoLC)1085172395 |
| 040 ## - CATALOGING SOURCE | |
| Original cataloging agency | YDX |
| Language of cataloging | eng |
| Description conventions | rda |
| Transcribing agency | YDX |
| Modifying agency | BDX |
| -- | UKMGB |
| -- | OCLCO |
| -- | OCLCF |
| -- | OCLCQ |
| -- | VYF |
| -- | CHVBK |
| -- | OCLCO |
| -- | JHE |
| -- | PTS |
| -- | TWFJU |
| 042 ## - AUTHENTICATION CODE | |
| Authentication code | nbic |
| 245 00 - TITLE STATEMENT | |
| Title | Mimesis and sacrifice : |
| Remainder of title | applying Girard's mimetic theory across the disciplines / |
| Statement of responsibility, etc | edited by Marcia Pally. |
| 246 30 - VARYING FORM OF TITLE | |
| Title proper/short title | Applying Girard's mimetic theory across the disciplines. |
| 260 ## - PUBLICATION, DISTRIBUTION, ETC. (IMPRINT) | |
| Place of publication, distribution, etc | London : |
| Name of publisher, distributor, etc | Bloomsbury Academic, |
| Date of publication, distribution, etc | c2020. |
| 300 ## - PHYSICAL DESCRIPTION | |
| Extent | viii, 250 pages ; |
| Dimensions | 24 cm. |
| 336 ## - CONTENT TYPE | |
| Content Type Term | text |
| Source | rdacontent. |
| 337 ## - MEDIA TYPE | |
| Media Type Term | unmediated |
| Source | rdamedia. |
| 338 ## - CARRIER TYPE | |
| Carrier Type Term | volume |
| Source | rdacarrier. |
| 490 1# - SERIES STATEMENT | |
| Series statement | Violence, desire, and the sacred ; |
| Volume number/sequential designation | Vol. 9. |
| 504 ## - BIBLIOGRAPHY, ETC. NOTE | |
| Bibliography, etc | Includes bibliographical references and index. |
| 505 0# - FORMATTED CONTENTS NOTE | |
| Formatted contents note | A comparative and evolutionary perspective on sacrifice and cooperation / Peter M. Kappeler -- Sacrifice between west and east : René Girard, Simone Weil, and Mahatma Gandhi on violence and nonviolence / Wolfgang Palaver -- Patterns of sacrifice and power structure / Hassan Rachik -- Rabbinic reflections on intentional sacrifice and sanctification / Tsvi Blanchard -- Kant on sacrifice and morality / David Pan -- Sacrifice amid covenant : From abuse to gift / Marcia Pally -- Generative sacrifice : Girard, feminism, and Christ / Anna Mercedes -- Sacrifice and liberation : A reading by the Magisterium of the Catholic Church in Latin America / Francisco Canzani -- Between victim and perpetrator : Constructions of heroic masculinity and the religion of death / Ulrike Brunotte -- The ambiguity of sacrifice in a post-heroic nation : A military perspective / Rolf von Uslar -- Gift or sacrifice? History, politics, and religion / John Milbank -- Strategy, spectacle, or self-emptying? Sacrifice and the search for business ethics / Philip Roscoe -- Common good economy : Capitalism, sacrifice, and humanity / Adrian Pabst -- Suffering and sacrifice in an unfinished universe / Ilia Delio, OSF. |
| 600 10 - SUBJECT ADDED ENTRY--PERSONAL NAME | |
| Personal name | Girard, René, |
| Dates associated with a name | 1923-2015. |
| 650 #0 - SUBJECT ADDED ENTRY--TOPICAL TERM | |
| Topical term or geographic name as entry element | Sacrifice. |
| 650 #0 - SUBJECT ADDED ENTRY--TOPICAL TERM | |
| Topical term or geographic name as entry element | Mimesis in the Bible. |
| 700 1# - ADDED ENTRY--PERSONAL NAME | |
| Personal name | Pally, Marcia, |
| Relator term | editor, |
| -- | author of introduction. |
| 830 #0 - SERIES ADDED ENTRY--UNIFORM TITLE | |
| Uniform title | Violence, desire, and the sacred ; |
| Volume number/sequential designation | v. 9. |
| 942 ## - ADDED ENTRY ELEMENTS (KOHA) | |
| Source of classification or shelving scheme | Library of Congress Classification |
| Item type | Books |
| Withdrawn status | Lost status | Source of classification or shelving scheme | Damaged status | Not for loan | Home library | Current library | Shelving location | Date acquired | Source of acquisition | Inventory number | Total Checkouts | Full call number | Barcode | Date last seen | Price effective from | Koha item type |
|---|---|---|---|---|---|---|---|---|---|---|---|---|---|---|---|---|
| Library of Congress Classification | BSOP Library | BSOP Library | GC | 03/07/2024 | Theological Book Network | 47636 | BF357 M65 2020 | 00058234 | 03/07/2024 | 03/07/2024 | Books |
